000 01107nam a2200313 i 4500
001 000016268
003 DO-SdBNP
005 20240503073630.0
007 ta
008 830825s1944 sp 000 f spa d
040 _aDO-SdBNP
_bspa
_cBNPHU
_erda
049 _aBNGR
082 4 _a863.3
_bC419i 1944
_222
100 1 _aCervantes Saavedra, Miguel de,
_d1547-1616
_93070
245 1 3 _aEl ingenioso hidalgo don Quijote de la Mancha /
_cMiguel de Cervantes Saavedra ; edición y notas de Francisco Rodríguez Marín de la Real Academia Española
264 _aMadrid :
_bEspasa-Calpe,
_c1944.
300 _avolumen ;
_c19 cm.
336 _2rdacontent
_atexto
_btxt
337 _2rdamedia
_asin mediación
_bn
338 _2rdacarrier
_avolumen
_bnc
490 0 _aClásicos castellanos
_v13, 16, 22
500 _aLa biblioteca posee los volúmenes: 5, 6 y 8.
590 _aInventariado, 2023/BT
650 4 _aNovela española
_91123
650 4 _aLiteratura española
_9632
700 1 _aRodríguez Marín, Francisco,
_eedición
_915860
910 _aValidado. Control de calidad MFF
942 _2ddc
_cLBS1
999 _c15805
_d15805